Central Library OPAC University of Rajshahi

Pathology and identity : (Record no. 32626)

MARC details
000 -LEADER
fixed length control field 01351nam a2200337 a 4500
001 - CONTROL NUMBER
control field 32626
003 - CONTROL NUMBER IDENTIFIER
rucl marc code BD-RjUL
005 - DATE AND TIME OF LATEST TRANSACTION
control field 20211209051852.0
008 - FIXED-LENGTH DATA ELEMENTS--GENERAL INFORMATION
fixed length control field 140427s1993 enka b 001 0deng
020 ## - INTERNATIONAL STANDARD BOOK NUMBER
International Standard Book Number 0521384273
035 ## - SYSTEM CONTROL NUMBER
System control number (BD-RjUL)32715
040 ## - CATALOGING SOURCE
Original cataloging agency DLC
Transcribing agency DLC
Modifying agency DLC
-- BD-RjUL
Language of cataloging eng
041 ## - LANGUAGE CODE
Language code of text/sound track or separate title eng
082 00 - DEWEY DECIMAL CLASSIFICATION NUMBER
Classification number 299.67
Edition number 20
Author mark and year LIP 1993
100 1# - MAIN ENTRY--PERSONAL NAME
Personal name Littlewood, Roland.
9 (RLIN) 99276
245 10 - TITLE STATEMENT
Title Pathology and identity :
Remainder of title the work of Mother Earth in Trinidad /
Statement of responsibility, etc. Roland Littlewood.
260 ## - PUBLICATION, DISTRIBUTION, ETC. (IMPRINT)
Place of publication, distribution, etc. Cambridge ;
-- New York, NY, USA :
Name of publisher, distributor, etc. Cambridge University Press,
Date of publication, distribution, etc. 1993.
300 ## - PHYSICAL DESCRIPTION
Pagination xxii, 322 [4] p. :
Illustrations ill. ;
Size 24 cm.
504 ## - BIBLIOGRAPHY, ETC. NOTE
Bibliography, etc Includes bibliographical references (p. 297-312) and index.
600 00 - SUBJECT ADDED ENTRY--PERSONAL NAME
Personal name Mother Earth (Religious leader)
General subdivision Mental health.
650 #0 - SUBJECT ADDED ENTRY--TOPICAL TERM
Topical term or geographic name as entry element Earth People (Cult)
9 (RLIN) 99279
Topical term or geographic name as entry element Mentally ill
General subdivision Religious life
Geographic subdivision Trinidad and Tobago
General subdivision Case studies.
9 (RLIN) 99280
Topical term or geographic name as entry element Genius and mental illness
Geographic subdivision Trinidad and Tobago
General subdivision Case studies.
9 (RLIN) 99281
Topical term or geographic name as entry element Psychology, Religious
Geographic subdivision Trinidad and Tobago.
9 (RLIN) 99282
Topical term or geographic name as entry element Cults
Geographic subdivision Trinidad and Tobago.
9 (RLIN) 99283
856 41 - ELECTRONIC LOCATION AND ACCESS
Materials specified Table of contents
Uniform Resource Identifier <a href="http://www.loc.gov/catdir/toc/cam022/92018251.html">http://www.loc.gov/catdir/toc/cam022/92018251.html</a>
942 ## - ADDED ENTRY ELEMENTS (KOHA)
Source of classification or shelving scheme Dewey Decimal Classification
Koha item type Books
Holdings
Lost status Source of classification or shelving scheme Damaged status Not for loan Collection code Permanent Location Current Location Shelving location Date acquired Source of acquisition Cost, normal purchase price Total Checkouts Full call number Date last seen Copy number Koha item type
  Dewey Decimal Classification   Not For Loan Non-fiction Central Library, University of Rajshahi Central Library, University of Rajshahi Reading Room 28/03/2000 Dhaka, Lucky Syndicate 2895.00   299.67 LIP 1993 27/04/2014 C-1 Books